Statics : (Record no. 93841)
[ view plain ]
| 000 -LEADER | |
|---|---|
| fixed length control field | 00712nam a22002057a 4500 |
| 005 - DATE AND TIME OF LATEST TRANSACTION | |
| control field | 20150710102445.0 |
| 010 ## - LCCN (DPL NO) | |
| LC control number | ENG-113205 |
| 020 ## - INTERNATIONAL STANDARD BOOK NUMBER | |
| International Standard Book Number | 9788173810275 |
| Terms of availability | 235.00 |
| 035 ## - SYSTEM CONTROL NUMBER | |
| System control number | EN-96737 |
| 037 ## - SOURCE OF ACQUISITION | |
| Source of stock number/acquisition | DBAD/PUB |
| 082 ## - DEWEY DECIMAL CLASSIFICATION NUMBER | |
| Classification number | 620.103 |
| 100 ## - MAIN ENTRY--PERSONAL NAME | |
| Personal name | Rahman, M. M. |
| 245 ## - TITLE STATEMENT | |
| Title | Statics : |
| Statement of responsibility, etc | by M. M. Rahman ; edited by Binoy Bhattacharyya |
| Remainder of title | written according to...................examination of equivalent standard / |
| 250 ## - EDITION STATEMENT | |
| Edition statement | 3rd thoroughly rev.enl.& updated ed |
| 260 ## - PUBLICATION, DISTRIBUTION, ETC. (IMPRINT) | |
| Place of publication, distribution, etc | Kolkata |
| Name of publisher, distributor, etc | New Central Book Agency |
| Date of publication, distribution, etc | 2015(repr.) |
| 270 ## - ADDRESS | |
| Address | 8/1 Chintamoni Das Lane, |
| City | Kolkata |
| Postal code | 700009 |
| 300 ## - PHYSICAL DESCRIPTION | |
| Extent | xxi,315p. : |
| Dimensions | 23cm(pbk) |
| 700 ## - ADDED ENTRY--PERSONAL NAME | |
| Personal name | Bhattacharyya, Binoy |
| 942 ## - ADDED ENTRY ELEMENTS (KOHA) | |
| Source of classification or shelving scheme | Dewey Decimal Classification |
| Item type | English Books |
| Call number suffix | RAH |
| Classification part | 620.103 |
| Withdrawn status | Lost status | Not for loan | Collection code | Home library | Current library | Date acquired | Source of acquisition | Cost, normal purchase price | Full call number | Barcode | Copy number | Cost, replacement price | Koha item type |
|---|---|---|---|---|---|---|---|---|---|---|---|---|---|
| Not For Loan | Non-fiction | D.B.Act.Division | D.B.Act.Division | 21/05/2015 | DBAD/PUB | 235.00 | 620.103 RAH | EN-96737 | 1 | 235.00 | English Books |
